Colombia : (Registro nro. 16817)

Detalles MARC
000 -CABECERA
Campo de control 00783cas a2200241 a 4500
005 - FECHA Y HORA DE LA ULTIMA TRANSACCION
Campo de control 20170710095053.0
008 - ELEMENTOS DE LONGITUD FIJA—INFORMACION GENERAL
Campo de control 890819c19839999ck qrzp r 0 0b0spa d
022 ## - ISSN
ISSN 0120-5595
040 ## - FUENTE DE CATALOGACIÓN
Agencia catalogadora original CO-BoBLA
Agencia transcriptora CO-BoBLA
Agencia Modificadora CO-BoIAVH
041 0# - IDIOMA
Código de idioma para texto/pista de sonido o título separado Español
044 ## - PAÍS DE PUBLICACIÓN
País de publicación Colombia
090 ## - CLASIFICACIÓN LOCAL
Colección SE
245 00 - MENCION DE TITULO
Título Colombia :
Parte restante del título ciencia y tecnología
260 ## - PUBLICACION, DISTRIBUCION, ETC. (PIE DE IMPRENTA)
Lugar de publicación, distribución, etc. Bogotá (Colombia) :
Nombre del editor, distribuidor, etc. Colciencias,
Fecha de publicación, distribución, etc. 1983-.
300 ## - DESCRIPCION FISICA
Otros detalles físicos ilustraciones ;
Dimensiones 28 x 22 cm.
310 ## - FRECUENCIA ACTUAL DE LA PUBLICACIÓN
Frecuencia actual de la publicación Trimestral
650 26 - ASIENTO SECUNDARIO DE MATERIA - TERMINO TEMATICO
Término temático o nombre geográfico como elemento de entrada Tecnología
Subdivisión geográfica Colombia
Subdivisión de forma Publicaciones periódicas
9 (RLIN) 82278
650 26 - ASIENTO SECUNDARIO DE MATERIA - TERMINO TEMATICO
Término temático o nombre geográfico como elemento de entrada Ciencia
Subdivisión geográfica Colombia
Subdivisión de forma Publicaciones periódicas
9 (RLIN) 82279
650 26 - ASIENTO SECUNDARIO DE MATERIA - TERMINO TEMATICO
Término temático o nombre geográfico como elemento de entrada Investigación
Subdivisión geográfica Colombia
Subdivisión de forma Publicaciones periódicas
9 (RLIN) 82280
651 #6 - ASIENTO SECUNDARIO DE MATERIA - NOMBRE GEOGRAFICO
Nombre geográfico Colombia
Subdivisión de forma Publicaciones periódicas
9 (RLIN) 82281
710 2# - ASIENTO SECUNDARIO - NOMBRE CORPORATIVO
Nombre corporativo o de jurisdicción como elemento de entrada Colciencias
9 (RLIN) 82282
942 ## - ELEMENTOS ADICIONALES (KOHA)
Sistema de clasificación Local
Tipo de ítem Periodica o revista
Serial record 1
Existencias
Withdrawn status Lost status Damaged status No para préstamo Colección Fecha publicación (Año) Volumen revista Número revista Ubicación Permanente Ubicación actual Fecha de adquisición Fuente de adquisición Total Checkouts Número topográfico Inventario / Código de Barras Date last seen Ejemplar Price effective from Forma de adquisición Tipo de material Sistema de Clasificación Inventariado Datos de publicación Seriada
        Hemeroteca 1997 15 3 Bogotá Bogotá 10/07/2017     SE 006592 10/07/2017 Ej. 1 10/07/2017 Donación Periodica o revista Local Inventariado 2017 Vol 15, No 3
        Hemeroteca 2003 21 2 Bogotá Bogotá 10/07/2017     SE 016147 10/07/2017 Ej. 1 10/07/2017 Donación Periodica o revista Local Inventariado 2017 Vol 21, No 2
        Hemeroteca 1998 16 4 Bogotá Bogotá 10/07/2017     SE 006598 10/07/2017 Ej. 1 10/07/2017 Donación Periodica o revista Local Inventariado 2017 Vol 16, No 4
        Hemeroteca 2003 21 3 Bogotá Bogotá 10/07/2017     SE 016183 10/07/2017 Ej. 1 10/07/2017 Donación Periodica o revista Local Inventariado 2017 Vol 21, No 3
        Hemeroteca 1998 16 3 Bogotá Bogotá 10/07/2017     SE 006595 10/07/2017 Ej. 1 10/07/2017 Donación Periodica o revista Local Inventariado 2017 Vol 16, No 3
        Hemeroteca 2002 20 3 Bogotá Bogotá 10/07/2017     SE 016143 10/07/2017 Ej. 1 10/07/2017 Donación Periodica o revista Local Inventariado 2017 Vol 20, No 3
        Hemeroteca 2007 25 1 - 2 Bogotá Bogotá 10/07/2017     SE 027587 10/07/2017 Ej. 1 10/07/2017 Donación Periodica o revista Local Inventariado 2017 Vol 25, Nros 1 - 2
        Hemeroteca 1997 15 3 Villa de Leyva Villa de Leyva 05/06/2003 Biocomercio   SERIADAS 00570 006593 25/03/2015 2 25/03/2015   Periodica o revista      
        Hemeroteca 1997 15 3 Villa de Leyva Villa de Leyva 05/06/2003 Biocomercio   SERIADAS 00570 006594 25/03/2015 3 25/03/2015   Periodica o revista      
        Hemeroteca 1998 16 3 Villa de Leyva Villa de Leyva 14/03/2001 COLCIENCIAS   SERIADAS 00570 006596 25/03/2015 2 25/03/2015   Periodica o revista      
        Hemeroteca 1998 16 3 Villa de Leyva Villa de Leyva 14/03/2001 COLCIENCIAS   SERIADAS 00570 006597 25/03/2015 3 25/03/2015   Periodica o revista      
        Hemeroteca 1997 15 3 Villa de Leyva Villa de Leyva 27/02/2015 Biocomercio   SERIADAS 00570 018290 25/03/2015 1 25/03/2015   Periodica o revista      
        Hemeroteca 1997 15 3 Villa de Leyva Villa de Leyva 27/02/2015 Biocomercio   SERIADAS 00570 018291 25/03/2015 5 25/03/2015   Periodica o revista